| 000 | 00341nam a2200133Ia 4500 | ||
|---|---|---|---|
| 005 | 20260328104337.0 | ||
| 008 | 260328s9999||||xx |||||||||||||| ||und|| | ||
| 100 | _aMestre, Octavio | ||
| 245 | 0 |
_aNueva York y la Costa Este en 30 Edificios / _cOctavio Mestre |
|
| 260 | _bAltair | ||
| 300 | _a80 p. | ||
| 650 | _aARQUITECTURA | ||
| 942 | _cBK | ||
| 999 |
_c11948 _d11948 |
||